En quelle année ce président de la République a été élu ? - Statistiques

Statistiques générales
  • Ce quiz a été pris 97 fois
  • Le résultat moyen est 16 sur 25
Statistiques - réponses
Président de la République Année d'élection % Correct
François Hollande 2012
98%
Jacques Chirac 1995
95%
Nicolas Sarkozy 2007
95%
Charles de Gaulle 1958
93%
Valéry Giscard d'Estaing 1974
93%
François Mitterrand 1981
91%
Emmanuel Macron 2017
91%
Georges Pompidou 1969
89%
Louis-Napoléon Bonaparte 1848
70%
Vincent Auriol 1947
68%
René Coty 1954
68%
Paul Deschanel 1920
58%
Albert Lebrun 1932
51%
Raymond Poincaré 1913
49%
Adolphe Thiers 1871
48%
Patrice de Mac-Mahon 1873
48%
Paul Doumer 1931
44%
Jules Grévy 1879
41%
Jean Casimir-Perier 1894
41%
Gaston Doumergue 1924
41%
Félix Faure 1895
40%
Sadi Carnot 1887
39%
Emile Loubet 1899
35%
Alexandre Millerand 1920
35%
Armand Fallières 1906
34%
Aucun quiz correspondant
Distribution des résultats
% des personnes avec chaque résultat
Percentile par nombre de réponses
Votre historique - résultats
Vous n’avez pas pris ce quiz